000 00255nam a2200085 4500
001 1256390
005 20251227133000.0
245 _a(GRUMP) HUYSUZ İLE PAMUK PRENSES VE YEDİ CÜCELERİN GERÇEK HAYAT HİKAYESİ
_cLIESL SHURTLIFF
260 _bYEDİVEREN ÇOCUK
999 _c1256390
_d1256390